Deutsche Dieseltriebfahrzeuge gestern und heute.

Uložené v:
Podrobná bibliografia
Hlavný autor: Kunicki, Heinz
Médium: Kniha
Jazyk:Slovak
Vydané: 1966.
Tagy: Pridať tag
Žiadne tagy, Buďte prvý kto otaguje tento záznam!

MARC

LEADER 00000nam a22000004a 4500
001 000525946
005 20161031134552.0
008 161031s1966 xo e 000 0 slo d
040 |a SVKKK  |b slo  |c SVKKK  |e AACR2 
100 1 |a Kunicki, Heinz 
245 1 0 |a Deutsche Dieseltriebfahrzeuge gestern und heute. 
260 |c 1966. 
500 |a Záznam revízie 
910 |a svkkk 
998 |a BK 
090 |g SCKHL  |k Sklad Pribinova 2. posch.  |a X0.6272  |j 027771  |i 2720357272  |s Absenčne